Statistics for Every Irene Cara song that hit the Billboard hot 100

Click here to take the quiz!

General Stats

  • This quiz has been taken 4 times
  • The average score is 2 of 8

Answer Stats

Peak Chart PositionYearSong% Correct
11983Flashdance...What A Feeling
100%
41980Fame
50%
81984Breakdance
50%
131983Why Me?
25%
191980Out Here On My Own
0%
371984The Dream
0%
421982Anyone Can See
0%
781984You Were Made For Me
0%

Score Distribution

Percentile by Number Answered

Percent of People with Each Score

Your Score History

You have not taken this quiz